Christenson's Analytic System for Coding Teacher Behavior in physical education : a descriptive system of evaluation using a microcomputer (CASTEB) /

Bibliographic Details
Main Author: Christenson, Robert Stiles
Format: Thesis Microform Book
Language:English
Published: [Place of publication not identified] : [publisher not identified] ; 1981.
Subjects:

MARC

Tag First Indicator Second Indicator Subfields
LEADER 00000cam a2200000 a 4500
001 in00000503621
005 20151013064937.0
007 he bm----b---
008 830414r19831981orua bb 00010 eng d
035 |a (OCoLC)09410870 
035 |9 ACD7811AM 
040 |a ORU  |c XBM  |d XBM  |d TXA  |d UtOrBLW 
049 |a TXAI 
082 0 |a 613.707 
090 |a GV362 
099 |a fiche  |a C  |a 5178 
100 1 |a Christenson, Robert Stiles. 
245 1 0 |a Christenson's Analytic System for Coding Teacher Behavior in physical education :  |b a descriptive system of evaluation using a microcomputer (CASTEB) /  |c by Robert Stiles Christenson. 
264 1 |a [Place of publication not identified] :  |b [publisher not identified] ;  |c 1981. 
300 |a viii, 150 leaves :  |b illustrations 
336 |a text  |b txt  |2 rdacontent 
337 |a microform  |b h  |2 rdamedia 
338 |a microfiche  |b he  |2 rdacarrier 
502 |b Ed.D.  |c Brigham Young University  |d 1981. 
504 |a Bibliography: leaves 107-116. 
533 |a Microfiche.  |b Eugene :  |c Microform Publications, College of Health, Physical Education and Recreation, Univ. of Oregon,  |d 1983.  |e 2 microfiches : negative ; 11 x 15 cm. 
500 |a Microform. 
650 0 |a Physical education teachers  |x Rating of  |x Computer programs. 
650 0 |a Computer managed instruction. 
999 |a MARS 
999 f f |s 6273f227-aea3-3ba5-82a6-cf46450960bf  |i e4016a7b-db94-3d5e-9c26-d28f8aa70389  |t 0 
952 f f |p normal  |a Texas A&M University  |b College Station  |c Sterling C. Evans Library  |d Evans: Microforms (3rd floor)  |t 0  |e fiche C 5178  |h Other scheme  |i microform -- microfiche  |m A14821853009 
998 f f |a fiche C 5178  |t 0  |l Evans: Microforms (3rd floor)